LDR 01105nam a2200217 i 4500 001 000000004451 003 CaOOAMICUS 005 20260420093404.0 008 180830s1953 it u000 u lat u 040 $aSeMil$bita 100 0 $aTommaso : d'Aquino,$c
.$0(OLS)http://semarc/name/423 245 10$aS. Thomae Aquinatis doctoris angelici Catena aurea in quatuor evangelia /$ccura p. Angelici Guarienti. 250 $aNova editio taurinensis 264 1$aTaurini ; Romae :$bMarietti,$c1953- 300 $av. ;$c24 cm. 650 4$aBibbia. Nuovo Testamento. Vangeli - Interpretazione [di] Tommaso d'Aquino
.$0(OLS)http://semarc/subject/60014 700 1 $aGuarienti, Angelico
.$0(OLS)http://semarc/name/89309 774 0 $aTommaso : d'Aquino
$t2: Expositio in Lucam et Ioannem.$dTaurini ; Romae : Marietti, 1953.$g2$w()81485 996 $6245$aS. Thomae Aquinatis doctoris angelici Catena aurea in quatuor evangelia$9(OLS)http://semarc/title/400492 996 $6264$aTaurini ; Romae :$bMarietti$9(OLS)http://semarc/publisher/30253